[Event "Catalunya-chT Relegation"]
[Site "Barcelona"]
[Date "2022.03.26"]
[Round "1.4"]
[White "Baches Garcia, Guillermo"]
[Black "Visa Jordana, Joel"]
[Result "1/2-1/2"]
[WhiteElo "2329"]
[BlackElo "2226"]
[PlyCount "22"]
[EventDate "2022.03.26"]
[EventType "team-tourn"]
[EventRounds "2"]
[EventCountry "ESP"]
[SourceTitle "CBM 208 Extra"]
[Source "ChessBase"]
[SourceDate "2022.07.31"]
[SourceVersion "1"]
[SourceVersionDate "2022.07.31"]
[SourceQuality "1"]
[WhiteTeam "Salauris"]
[BlackTeam "Geva CEA"]
[WhiteTeamCountry "ESP"]
[BlackTeamCountry "ESP"]

1. e4 c6 2. Nc3 d5 3. Nf3 Bg4 4. h3 Bxf3 5. Qxf3 Nf6 6. Be2 e6 7. 0-0 Bb4 8. exd5 cxd5 9. d4 0-0 10. a3 Be7 11. Rd1 Nbd7 1/2-1/2

[Event "Catalunya-chT Gp1"]
[Site "Barcelona"]
[Date "2022.03.12"]
[Round "8.2"]
[White "Ayats Llobera, Gerard"]
[Black "Visa Jordana, Joel"]
[Result "1-0"]
[WhiteElo "2451"]
[BlackElo "2226"]
[PlyCount "71"]
[EventDate "2022.01.22"]
[EventType "team-tourn"]
[EventRounds "9"]
[EventCountry "ESP"]
[SourceTitle "CBM 208 Extra"]
[Source "ChessBase"]
[SourceDate "2022.07.31"]
[SourceVersion "1"]
[SourceVersionDate "2022.07.31"]
[SourceQuality "1"]
[WhiteTeam "Barcelona Escacs CC"]
[BlackTeam "Geva CEA"]
[WhiteTeamCountry "ESP"]
[BlackTeamCountry "ESP"]

1. e4 c6 2. d4 d5 3. e5 c5 4. dxc5 Nc6 5. f4 e6 6. Be3 g5 7. fxg5 Nge7 8. Nf3 Qc7 9. Bb5 Bd7 10. c3 Nxe5 11. Bd4 Nxf3+ 12. Qxf3 Bxb5 13. Bxh8 Ng6 14. Na3 Ba6 15. Bd4 Ne5 16. Qf6 Nd3+ 17. Kd2 Nxc5 18. Bxc5 Bxc5 19. Nc2 Be7 20. Qh8+ Kd7 21. Qd4 Bxg5+ 22. Ne3 Rd8 23. Kc2 Kc8 24. Ng4 h5 25. Nf2 e5 26. Qxa7 Qc4 27. Rae1 f6 28. Kb1 Kc7 29. Rd1 Rd6 30. Rhe1 Rb6 31. Nd3 d4 32. cxd4 Qxd4 33. Rc1+ Bxc1 34. Rxc1+ Kd7 35. Nc5+ Ke7 36. Qxb6 1-0

[Event "Andorra op 28th"]
[Site "La Massana"]
[Date "2010.07.24"]
[Round "8"]
[White "Visa Jordana, Joel"]
[Black "Almagro Llamas, Pablo"]
[Result "0-1"]
[WhiteElo "2261"]
[BlackElo "2451"]
[PlyCount "56"]
[EventDate "2010.07.17"]
[EventType "swiss"]
[EventRounds "9"]
[EventCountry "AND"]
[SourceTitle "CBM 137 Extra"]
[Source "ChessBase"]
[SourceDate "2010.09.01"]
[SourceVersion "1"]
[SourceVersionDate "2010.09.01"]
[SourceQuality "1"]

1. d4 d5 2. c4 c6 3. Nf3 Nf6 4. Nc3 dxc4 5. e4 b5 6. e5 Nd5 7. Ng5 Bf5 8. e6 f6 9. Nf7 Qc8 10. Nxh8 Nb4 11. Be3 Nc2+ 12. Kd2 Nxa1 13. g4 Bxe6 14. Bg2 Bxg4 15. Qxa1 g6 16. Nxb5 cxb5 17. Bxa8 Nc6 18. Bxc6+ Qxc6 19. b4 Bg7 20. Nxg6 hxg6 21. Rc1 Qf3 22. Re1 f5 23. Kc1 f4 24. Bd2 Qxf2 25. Qc3 Bxd4 26. Qa3 Bf5 27. Qa6 Be3 28. Qxb5+ Kf8 0-1

[Event "Tarrega"]
[Site "Tarrega"]
[Date "2010.05.28"]
[Round "8"]
[White "Pham Guerrero, Sergi"]
[Black "Visa Jordana, Joel"]
[Result "0-1"]
[WhiteElo "2213"]
[BlackElo "2203"]
[PlyCount "94"]
[EventDate "2010.04.09"]
[EventType "tourn"]
[EventRounds "9"]
[EventCountry "ESP"]
[SourceTitle "EXT 2011"]
[Source "ChessBase"]
[SourceDate "2010.11.26"]
[SourceVersion "1"]
[SourceVersionDate "2010.11.26"]
[SourceQuality "1"]

1. e4 d5 2. exd5 Qxd5 3. Nc3 Qd8 4. d4 Nf6 5. Bc4 c6 6. Be3 Bf5 7. Nf3 e6 8. 0-0 Nbd7 9. h3 Bd6 10. Nh4 Bg6 11. Nxg6 hxg6 12. Re1 0-0 13. Bg5 Qc7 14. Ne4 Be7 15. Bb3 Rfe8 16. Qd2 Rad8 17. Bf4 Nxe4 18. Rxe4 Qb6 19. Re3 Bf6 20. Rd3 Nf8 21. Rd1 Rd7 22. c4 Qd8 23. Be5 Nh7 24. Qc3 Qe7 25. Re3 Red8 26. Rde1 Rxd4 27. Bxd4 Bxd4 28. Qa5 Bxe3 29. Rxe3 b6 30. Qa4 Qc7 31. Bd1 Rd4 32. Qc2 Qd7 33. Bf3 Ng5 34. Be2 Rd2 35. Qc3 Rd4 36. Rd3 c5 37. f3 Qd6 38. Kf2 e5 39. Rxd4 cxd4 40. Qd2 Ne6 41. Bd3 Qe7 42. Be4 Nf4 43. b4 f5 44. Bc6 Qg5 45. Kf1 Qf6 46. Ba8 Qe6 47. Qxf4 Qxc4+ 0-1

[Event "Tarrega"]
[Site "Tarrega"]
[Date "2010.05.07"]
[Round "5"]
[White "Castany Pampalona, Luis Maria"]
[Black "Visa Jordana, Joel"]
[Result "1/2-1/2"]
[WhiteElo "2271"]
[BlackElo "2203"]
[PlyCount "66"]
[EventDate "2010.04.09"]
[EventType "tourn"]
[EventRounds "9"]
[EventCountry "ESP"]
[SourceTitle "EXT 2011"]
[Source "ChessBase"]
[SourceDate "2010.11.26"]
[SourceVersion "1"]
[SourceVersionDate "2010.11.26"]
[SourceQuality "1"]

1. e4 c6 2. d4 d5 3. e5 c5 4. Nf3 Nc6 5. Be3 cxd4 6. Bxd4 Bg4 7. Nbd2 Nxd4 8. Nxd4 Bxd1 9. Bb5+ Qd7 10. Rxd1 e6 11. c4 0-0-0 12. Bxd7+ Rxd7 13. Ke2 Bc5 14. N4b3 Bb6 15. cxd5 exd5 16. Rc1+ Kb8 17. Rhd1 Ne7 18. f4 g5 19. fxg5 Ng6 20. Nf3 Nxe5 21. Nc5 Re7 22. Nxe5 Rxe5+ 23. Kf3 Rxg5 24. Nd7+ Ka8 25. Nxb6+ axb6 26. Rd4 Re8 27. Rf4 Rge5 28. Rc2 f5 29. Rh4 Re3+ 30. Kf2 R8e4 31. Rxe4 Rxe4 32. Rd2 d4 33. Kf3 Kb8 1/2-1/2

[Event "Tarrega"]
[Site "Tarrega"]
[Date "2010.04.30"]
[Round "4"]
[White "Visa Jordana, Joel"]
[Black "Campos Olaya, Israel"]
[Result "1-0"]
[WhiteElo "2203"]
[BlackElo "2208"]
[PlyCount "79"]
[EventDate "2010.04.09"]
[EventType "tourn"]
[EventRounds "9"]
[EventCountry "ESP"]
[SourceTitle "EXT 2011"]
[Source "ChessBase"]
[SourceDate "2010.11.26"]
[SourceVersion "1"]
[SourceVersionDate "2010.11.26"]
[SourceQuality "1"]

1. d4 Nf6 2. c4 c5 3. d5 e6 4. Nc3 exd5 5. cxd5 d6 6. e4 g6 7. f4 Bg7 8. Bb5+ Nfd7 9. Be2 0-0 10. Nf3 Na6 11. 0-0 Nc7 12. Re1 Re8 13. Nd2 Nf8 14. a4 f5 15. Bf3 fxe4 16. Ndxe4 Bf5 17. g4 Bxe4 18. Nxe4 Qd7 19. Be3 b6 20. Rb1 Re7 21. Bf2 Rae8 22. Kg2 Kh8 23. Qd3 Rf7 24. Bg3 h6 25. b4 Bd4 26. Nd2 Rfe7 27. Rxe7 Rxe7 28. Nc4 Qxa4 29. bxc5 Bxc5 30. Qc3+ Kh7 31. f5 Qd7 32. f6 Re8 33. Re1 Nb5 34. Qd2 Qf7 35. g5 hxg5 36. Rxe8 Qxe8 37. Qxg5 Nd7 38. Bg4 Qe4+ 39. Kh3 Qe8 40. Qh4+ 1-0

[Event "Tarrega"]
[Site "Tarrega"]
[Date "2010.04.16"]
[Round "2"]
[White "Visa Jordana, Joel"]
[Black "Companyo Pagerols, Josep Maria"]
[Result "1-0"]
[WhiteElo "2203"]
[BlackElo "2113"]
[PlyCount "67"]
[EventDate "2010.04.09"]
[EventType "tourn"]
[EventRounds "9"]
[EventCountry "ESP"]
[SourceTitle "EXT 2011"]
[Source "ChessBase"]
[SourceDate "2010.11.26"]
[SourceVersion "1"]
[SourceVersionDate "2010.11.26"]
[SourceQuality "1"]

1. d4 e6 2. c4 b6 3. e4 Bb7 4. Bd3 Nf6 5. f3 Nc6 6. Ne2 Nb4 7. 0-0 Nxd3 8. Qxd3 d6 9. Nbc3 Be7 10. Qc2 0-0 11. Bg5 Nd7 12. Be3 Qe8 13. Rad1 f5 14. exf5 Rxf5 15. d5 Rf8 16. Nb5 Bd8 17. dxe6 Qxe6 18. Bf2 Ne5 19. Ned4 Qxc4 20. Rc1 Qf7 21. Bg3 Re8 22. Rfe1 a6 23. Na3 c5 24. Nf5 Bc7 25. b4 Re6 26. f4 Ng4 27. Rxe6 Qxe6 28. Re1 Qf6 29. Bh4 Qf8 30. Re7 Re8 31. Rxg7+ Kh8 32. Rxc7 Be4 33. Qb2+ Ne5 34. fxe5 1-0

[Event "Barcelona Catalunya op"]
[Site "Barcelona"]
[Date "2010.04.04"]
[Round "9"]
[White "Visa Jordana, Joel"]
[Black "Cruz Estrada, Filemon"]
[Result "0-1"]
[WhiteElo "2176"]
[BlackElo "2415"]
[PlyCount "106"]
[EventDate "2010.03.27"]
[EventType "swiss"]
[EventRounds "9"]
[EventCountry "ESP"]
[SourceTitle "CBM 135 Extra"]
[Source "ChessBase"]
[SourceDate "2010.05.04"]
[SourceVersion "1"]
[SourceVersionDate "2010.05.04"]
[SourceQuality "1"]

1. d4 Nf6 2. c4 g6 3. Nc3 d5 4. Nf3 Bg7 5. cxd5 Nxd5 6. Na4 0-0 7. e4 Nb6 8. Be2 Bg4 9. Be3 Nc6 10. d5 Bxf3 11. gxf3 Ne5 12. Qb3 Qc8 13. h3 Ned7 14. Rc1 Nxa4 15. Qxa4 Bxb2 16. Rc2 Nb6 17. Qb3 Bg7 18. a4 Nd7 19. Qc4 Nb6 20. Qb4 Be5 21. a5 Bd6 22. Qc3 Nd7 23. f4 b6 24. e5 Bc5 25. Bg4 Qd8 26. e6 Bxe3 27. fxe3 Nc5 28. exf7+ Rxf7 29. 0-0 Qd6 30. Qc4 Kg7 31. Rcf2 Raf8 32. axb6 axb6 33. Qd4+ Qf6 34. Qc4 Qh4 35. Qd4+ Rf6 36. e4 Qg3+ 37. Kh1 Qd3 38. Qxd3 Nxd3 39. Rd2 Nc5 40. e5 Rxf4 41. Rxf4 Rxf4 42. d6 cxd6 43. exd6 exd6 44. Rxd6 h5 45. Bxh5 gxh5 46. Rxb6 Ne4 47. Re6 Nf6 48. Kg2 Kg6 49. Ra6 Rd4 50. Ra5 Nd5 51. Ra8 Kg5 52. Kg3 Rd3+ 53. Kh2 Nf4 0-1

[Event "Barcelona Catalunya op"]
[Site "Barcelona"]
[Date "2010.04.01"]
[Round "6"]
[White "Visa Jordana, Joel"]
[Black "Cruz, Jonathan"]
[Result "0-1"]
[WhiteElo "2176"]
[BlackElo "2292"]
[PlyCount "53"]
[EventDate "2010.03.27"]
[EventType "swiss"]
[EventRounds "9"]
[EventCountry "ESP"]
[SourceTitle "CBM 135 Extra"]
[Source "ChessBase"]
[SourceDate "2010.05.04"]
[SourceVersion "1"]
[SourceVersionDate "2010.05.04"]
[SourceQuality "1"]

1. d4 Nf6 2. c4 g6 3. Nc3 Bg7 4. e4 d6 5. f4 0-0 6. Nf3 c5 7. d5 e6 8. Be2 exd5 9. cxd5 Re8 10. e5 dxe5 11. fxe5 Ng4 12. e6 fxe6 13. d6 Rf8 14. 0-0 Nc6 15. h3 Nf6 16. Re1 Nd4 17. Nxd4 cxd4 18. Nb5 Ne8 19. Nxd4 Nxd6 20. Bf3 Qb6 21. Be3 Nc4 22. Bf2 Nxb2 23. Nxe6 Qxe6 24. Qc2 Qf7 25. Bh4 Bf5 26. Qd2 Nc4 27. Qd1 0-1

[Event "Barcelona Catalunya op"]
[Site "Barcelona"]
[Date "2010.03.31"]
[Round "5"]
[White "Visa Jordana, Joel"]
[Black "Lleyda Naval, Justo"]
[Result "1-0"]
[WhiteElo "2176"]
[BlackElo "1971"]
[PlyCount "55"]
[EventDate "2010.03.27"]
[EventType "swiss"]
[EventRounds "9"]
[EventCountry "ESP"]
[SourceTitle "CBM 135 Extra"]
[Source "ChessBase"]
[SourceDate "2010.05.04"]
[SourceVersion "1"]
[SourceVersionDate "2010.05.04"]
[SourceQuality "1"]

1. d4 Nf6 2. c4 e6 3. Nc3 d5 4. cxd5 exd5 5. Bg5 Be7 6. e3 0-0 7. Bd3 Re8 8. Nge2 Nbd7 9. 0-0 c6 10. Qc2 Nf8 11. f3 N6d7 12. Bxe7 Qxe7 13. e4 Nb6 14. e5 c5 15. Nb5 cxd4 16. Nc7 Nc4 17. Nxd5 Qxe5 18. Bxc4 Be6 19. Nef4 Rac8 20. Qa4 d3 21. Bb3 d2 22. Nxe6 Nxe6 23. Qb4 Qxb2 24. Ne7+ Kh8 25. Nxc8 Rxc8 26. Rad1 Rd8 27. Rf2 Rd4 28. Rfxd2 1-0

[Event "Llobregat op 2nd"]
[Site "Llobregat"]
[Date "2010.01.02"]
[Round "6"]
[White "Visa Jordana, Joel"]
[Black "Capellades Subirana, Marc"]
[Result "0-1"]
[WhiteElo "2055"]
[BlackElo "2210"]
[PlyCount "118"]
[EventDate "2009.12.27"]
[EventType "swiss"]
[EventRounds "7"]
[EventCountry "ESP"]
[SourceTitle "CBM 134 Extra"]
[Source "ChessBase"]
[SourceDate "2010.03.03"]
[SourceVersion "1"]
[SourceVersionDate "2010.03.03"]
[SourceQuality "1"]

1. d4 Nf6 2. c4 e6 3. Nc3 Bb4 4. f3 d5 5. a3 Bxc3+ 6. bxc3 Nbd7 7. cxd5 exd5 8. e3 0-0 9. Bd3 Re8 10. Ne2 Nf8 11. 0-0 Ng6 12. Re1 b6 13. Ng3 c5 14. Bb2 a5 15. Qd2 c4 16. Bc2 b5 17. e4 Qb6 18. Kh1 dxe4 19. fxe4 Bb7 20. e5 Nh4 21. Re2 Nd5 22. Qg5 Qd8 23. Qd2 b4 24. axb4 axb4 25. Rxa8 Qxa8 26. Ne4 bxc3 27. Bxc3 Nxc3 28. Qxc3 Re6 29. g3 f5 30. gxh4 Bd5 31. h3 fxe4 32. Qe3 Rh6 33. Bxe4 Rxh4 34. Bg2 Bxg2+ 35. Rxg2 Qa1+ 36. Rg1 Qxd4 37. Qg3 Qe4+ 38. Rg2 g6 39. e6 Rf4 40. Kh2 Rf8 41. Qg4 Qxg4 42. hxg4 Rf4 43. Re2 Kf8 44. Kg3 Rd4 45. Rh2 c3 46. Rxh7 Rc4 47. Rh1 c2 48. Rc1 Ke7 49. Kh4 Rc5 50. Kg3 Kxe6 51. Kf4 Kf6 52. g5+ Ke6 53. Ke4 Rc8 54. Kd3 Kf5 55. Rxc2 Rxc2 56. Kxc2 Kxg5 57. Kd2 Kg4 58. Ke2 Kg3 59. Kf1 g5 0-1

[Event "Llobregat op 2nd"]
[Site "Llobregat"]
[Date "2009.12.30"]
[Round "4"]
[White "Exposito Amaro, Josue"]
[Black "Visa Jordana, Joel"]
[Result "0-1"]
[WhiteElo "2231"]
[BlackElo "2055"]
[PlyCount "72"]
[EventDate "2009.12.27"]
[EventType "swiss"]
[EventRounds "7"]
[EventCountry "ESP"]
[SourceTitle "CBM 134 Extra"]
[Source "ChessBase"]
[SourceDate "2010.03.03"]
[SourceVersion "1"]
[SourceVersionDate "2010.03.03"]
[SourceQuality "1"]

1. e4 d5 2. exd5 Qxd5 3. Nc3 Qd8 4. h3 c6 5. Nf3 Nf6 6. Bc4 Bf5 7. d3 e6 8. Nh4 Bg6 9. Nxg6 hxg6 10. Qe2 Bd6 11. Ne4 Nxe4 12. dxe4 Nd7 13. 0-0 g5 14. Rd1 Bf4 15. Bxf4 gxf4 16. b4 Qf6 17. b5 Ne5 18. f3 g5 19. bxc6 bxc6 20. Ba6 Kf8 21. Qf2 Kg7 22. Rab1 Rh4 23. Rb7 Rah8 24. Kf1 g4 25. hxg4 Rh1+ 26. Ke2 Rxd1 27. Kxd1 Qd8+ 28. Kc1 Qa5 29. Qd4 Rd8 30. Qb4 Qxa6 31. Qe7 Qf1+ 32. Kb2 Rd1 33. Qxe6 Rb1+ 34. Kc3 Rxb7 35. Qxe5+ f6 36. Qxf4 Qe1+ 0-1

[Event "Balaguer op 14th"]
[Site "Balaguer"]
[Date "2009.07.19"]
[Round "7"]
[White "Ivanov, Jordan"]
[Black "Visa Jordana, Joel"]
[Result "1-0"]
[WhiteElo "2431"]
[BlackElo "2055"]
[PlyCount "73"]
[EventDate "2009.07.13"]
[EventType "swiss"]
[EventRounds "10"]
[EventCountry "ESP"]
[SourceTitle "CBM 131 Extra"]
[Source "ChessBase"]
[SourceDate "2009.09.03"]
[SourceVersion "2"]
[SourceVersionDate "2009.09.16"]
[SourceQuality "1"]

1. d4 d5 2. c4 e6 3. Nf3 Nf6 4. Nc3 Be7 5. cxd5 exd5 6. Bg5 c6 7. Qc2 0-0 8. e3 Re8 9. Bd3 Nbd7 10. h3 Nf8 11. Bf4 Ng6 12. Bh2 Bd6 13. Bxd6 Qxd6 14. 0-0-0 b5 15. Kb1 a5 16. Rc1 Ba6 17. Rhe1 a4 18. e4 b4 19. e5 Bxd3 20. Qxd3 Qd8 21. exf6 Rxe1 22. Nxe1 bxc3 23. Qxc3 Rc8 24. fxg7 Qf6 25. Qd2 Nf4 26. a3 Nxg2 27. Nxg2 Qg6+ 28. Qc2 Qxg2 29. Qxa4 Qxf2 30. Rxc6 Rxc6 31. Qxc6 Qxd4 32. a4 Qg1+ 33. Ka2 Qd4 34. Qc8+ Kxg7 35. Qg4+ Qxg4 36. hxg4 h5 37. gxh5 1-0

[Event "Balaguer op 14th"]
[Site "Balaguer"]
[Date "2009.07.18"]
[Round "6"]
[White "Visa Jordana, Joel"]
[Black "Fandino Reyes, Roquelina"]
[Result "1-0"]
[WhiteElo "2055"]
[BlackElo "2228"]
[PlyCount "66"]
[EventDate "2009.07.13"]
[EventType "swiss"]
[EventRounds "10"]
[EventCountry "ESP"]
[SourceTitle "CBM 131 Extra"]
[Source "ChessBase"]
[SourceDate "2009.09.03"]
[SourceVersion "2"]
[SourceVersionDate "2009.09.16"]
[SourceQuality "1"]

1. d4 d5 2. c4 c6 3. Nc3 Nf6 4. Bg5 e6 5. cxd5 exd5 6. e3 Be7 7. Bd3 0-0 8. Qc2 Nbd7 9. Nge2 Re8 10. 0-0 Nf8 11. f3 h6 12. Bh4 a6 13. e4 dxe4 14. fxe4 Ng4 15. Bxe7 Rxe7 16. Qd2 Nf6 17. e5 Nd5 18. Ne4 Be6 19. N2g3 Qb6 20. Qf2 Rd8 21. Rad1 Kh8 22. Bb1 Ng6 23. Nd6 Ndf4 24. h3 Nd5 25. h4 Nf8 26. Ngf5 Bxf5 27. Nxf5 Red7 28. Qg3 Ne6 29. Nd6 Nxd4 30. Qf2 Ne2+ 31. Kh2 Qxf2 32. Rxf2 Ne3 33. Nxf7+ Rxf7 1-0

[Event "Balaguer op 14th"]
[Site "Balaguer"]
[Date "2009.07.15"]
[Round "3"]
[White "Visa Jordana, Joel"]
[Black "Ibarra Chami, Luis Fernando"]
[Result "0-1"]
[WhiteElo "2055"]
[BlackElo "2387"]
[PlyCount "92"]
[EventDate "2009.07.13"]
[EventType "swiss"]
[EventRounds "10"]
[EventCountry "ESP"]
[SourceTitle "CBM 131 Extra"]
[Source "ChessBase"]
[SourceDate "2009.09.03"]
[SourceVersion "2"]
[SourceVersionDate "2009.09.16"]
[SourceQuality "1"]

1. d4 d5 2. c4 e6 3. Nc3 Bb4 4. a3 Bxc3+ 5. bxc3 Nf6 6. f3 c5 7. cxd5 exd5 8. e3 0-0 9. Bd3 b6 10. Ne2 Ba6 11. 0-0 Re8 12. Ng3 Bxd3 13. Qxd3 Nc6 14. Ra2 Qd7 15. Re2 Rad8 16. Rd1 h5 17. Bb2 g6 18. e4 h4 19. Nh1 dxe4 20. fxe4 h3 21. Qf3 hxg2 22. Nf2 Nh7 23. dxc5 Qc7 24. Rxd8 Qxd8 25. cxb6 Ne5 26. Qe3 axb6 27. Kxg2 Nc4 28. Qg3 Nf6 29. Bc1 Nh5 30. Qd3 Qc8 31. Qh3 Qc6 32. Qh4 Ne5 33. Bb2 Qb5 34. c4 Nxc4 35. Bd4 Nd6 36. Rb2 Qc4 37. Bxb6 Qc3 38. Re2 Nc4 39. Bc5 Ne5 40. Be3 Qxa3 41. Qg5 Qb3 42. Kh3 Nf3 43. Qg4 Ng1+ 44. Kg2 Nxe2 45. Qxe2 Nf6 46. Bc1 Nxe4 0-1

[Event "Balaguer op 14th"]
[Site "Balaguer"]
[Date "2009.07.13"]
[Round "1"]
[White "Visa Jordana, Joel"]
[Black "Starostits, Ilmars"]
[Result "0-1"]
[WhiteElo "2055"]
[BlackElo "2482"]
[PlyCount "41"]
[EventDate "2009.07.13"]
[EventType "swiss"]
[EventRounds "10"]
[EventCountry "ESP"]
[SourceTitle "CBM 131 Extra"]
[Source "ChessBase"]
[SourceDate "2009.09.03"]
[SourceVersion "2"]
[SourceVersionDate "2009.09.16"]
[SourceQuality "1"]

1. d4 d5 2. c4 dxc4 3. e4 Nf6 4. e5 Nd5 5. Bxc4 Nc6 6. Ne2 Nb6 7. Bd3 Bg4 8. f3 Bh5 9. Be3 e6 10. a3 Bg6 11. Nbc3 Nxe5 12. Bb5+ Ned7 13. 0-0 Be7 14. Ng3 0-0 15. f4 c6 16. Be2 Re8 17. Qd2 Nf6 18. h4 Nbd5 19. f5 Bxf5 20. h5 Bd6 21. Nh1 0-1

[Event "Balaguer op 12th"]
[Site "Balaguer"]
[Date "2007.07.18"]
[Round "3"]
[White "Adhiban, Baskaran"]
[Black "Visa Jordana, Joel"]
[Result "1-0"]
[WhiteElo "2406"]
[BlackElo "1979"]
[PlyCount "33"]
[EventDate "2007.07.16"]
[EventType "swiss"]
[EventRounds "10"]
[EventCountry "ESP"]
[SourceTitle "CBM 119 Extra"]
[Source "ChessBase"]
[SourceDate "2007.09.04"]
[SourceVersion "1"]
[SourceVersionDate "2007.09.04"]
[SourceQuality "1"]

1. e4 c6 2. d4 d5 3. exd5 cxd5 4. c4 e6 5. Nc3 Nf6 6. Nf3 Bb4 7. cxd5 Nxd5 8. Qc2 Nc6 9. Bd3 Qb6 10. 0-0 Nxd4 11. Nxd4 Qxd4 12. Bb5+ Kf8 13. Nxd5 exd5 14. Be3 Qh4 15. Rfd1 Be6 16. Rd4 Qe7 17. Rxb4 1-0